Loading...
| History - American | 0 | 6 | 1 | 0 | 55 | 60 | 83.50 | 2 | 6 | 0.00 | 0.00 |
| History - Other | 0 | 5 | 0 | 0 | 50 | 78 | 100.20 | 2 | 4 | 0.00 | 0.00 |
| Religion | 0 | 5 | 1 | 0 | 45 | 90 | 104.00 | 2 | 3 | 0.00 | 0.00 |
| Fine Arts - Classical Music | 0 | 3 | 0 | 0 | 30 | 125 | 128.00 | 0 | 1 | 0.00 | 0.00 |
| Social Science | 0 | 3 | 1 | 2 | 25 | 100 | 115.67 | 1 | 1 | 0.00 | 0.00 |
| History - World | 0 | 3 | 1 | 1 | 25 | 87 | 103.33 | 1 | 2 | 0.00 | 0.00 |
| Mythology | 0 | 2 | 0 | 1 | 20 | 98 | 118.50 | 0 | 0 | 0.00 | 0.00 |
| Literature - American | 0 | 2 | 0 | 1 | 20 | 118 | 130.00 | 0 | 0 | 0.00 | 0.00 |
| History - European | 0 | 2 | 0 | 0 | 20 | 56 | 70.50 | 0 | 2 | 0.00 | 0.00 |
| Fine Arts - Painting and Sculpture | 0 | 2 | 0 | 1 | 20 | 86 | 112.00 | 0 | 0 | 0.00 | 0.00 |
| Fine Arts - Other | 0 | 3 | 3 | 1 | 15 | 119 | 124.33 | 0 | 1 | 0.00 | 0.00 |
| Science - Other | 0 | 2 | 1 | 0 | 15 | 44 | 82.00 | 1 | 1 | 0.00 | 0.00 |
| Literature - European | 0 | 1 | 1 | 1 | 5 | 145 | 145.00 | 0 | 0 | 0.00 | 0.00 |
| Science - Biology | 0 | 1 | 1 | 0 | 5 | 52 | 52.00 | 1 | 1 | 0.00 | 0.00 |
| Literature - British | 0 | 1 | 1 | 1 | 5 | 144 | 144.00 | 0 | 0 | 0.00 | 0.00 |
| Philosophy | 0 | 1 | 2 | 1 | 0 | 130 | 130.00 | 1 | 1 | 0.00 | 0.00 |